Central Library OPAC University of Rajshahi

ইসলামী সঙ্গীত / (Record no. 47792)

MARC details
000 -LEADER
fixed length control field 00735nam a2200229 a 4500
001 - CONTROL NUMBER
control field 47792
003 - CONTROL NUMBER IDENTIFIER
rucl marc code BD-RjUL
005 - DATE AND TIME OF LATEST TRANSACTION
control field 20211209054408.0
008 - FIXED-LENGTH DATA ELEMENTS--GENERAL INFORMATION
fixed length control field 160810s2006 bg ||||| |||| 00| 0 ben d
020 ## - INTERNATIONAL STANDARD BOOK NUMBER
International Standard Book Number 9848689141
Terms of availability : Tk. 80
035 ## - SYSTEM CONTROL NUMBER
System control number (BD-RjUL)47911
040 ## - CATALOGING SOURCE
Original cataloging agency BD-RjUL
Language of cataloging ben
Transcribing agency BD-RjUL
041 ## - LANGUAGE CODE
Language code of text/sound track or separate title ben
082 ## - DEWEY DECIMAL CLASSIFICATION NUMBER
Edition number 23
Classification number 782.420297
Author mark and year ALI 2006
100 1# - MAIN ENTRY--PERSONAL NAME
Personal name আলী, মোঃ নওসাদ
9 (RLIN) 120166
245 10 - TITLE STATEMENT
Title ইসলামী সঙ্গীত /
260 ## - PUBLICATION, DISTRIBUTION, ETC. (IMPRINT)
Place of publication, distribution, etc. ঢাকা :
Name of publisher, distributor, etc. মুক্তদেশ প্রকাশনী,
Date of publication, distribution, etc. ২০০৬
300 ## - PHYSICAL DESCRIPTION
Pagination ৬৪ পৃ. ;
Size ২১ সেমি.
650 ## - SUBJECT ADDED ENTRY--TOPICAL TERM
Topical term or geographic name as entry element সঙ্গীত
Form subdivision ইসলাম
9 (RLIN) 145111
Topical term or geographic name as entry element Music
Form subdivision Islam
9 (RLIN) 145112
942 ## - ADDED ENTRY ELEMENTS (KOHA)
Source of classification or shelving scheme Dewey Decimal Classification
Koha item type Books
Holdings
Lost status Source of classification or shelving scheme Damaged status Not for loan Collection code Permanent Location Current Location Shelving location Date acquired Source of acquisition Total Checkouts Full call number Date last seen Copy number Koha item type Cost, normal purchase price
  Dewey Decimal Classification     Non-fiction Central Library, University of Rajshahi Central Library, University of Rajshahi   18/09/2012 Author, Rajshahi   B 782.420297 ALI 2006 10/08/2016 C-2 Books  
  Dewey Decimal Classification   Not For Loan Non-fiction Central Library, University of Rajshahi Central Library, University of Rajshahi Reading Room 18/09/2012 Author. Rajshahi   B 782.420297 ALI 2006 26/01/2017 C-1 Books 80.00